000 00375nam a2200157Ia 4500
008 230711s9999||||xx |||||||||||||| ||und||
041 _aENG
082 _a720
_bPE-N
100 _aPerter Nortin
245 4 _aThe new norton guides user manual
250 _a1st
260 _c1990
_aNew Delhi
_bBroadway books
300 _a54
650 _aComputer Engineering
942 _cBK
999 _c2848
_d2848